000 00552nam a2200205Ia 4500
005 20250923145239.0
008 008 250917s9999 xx 000 0 eng d
037 _aTextual
040 _aDSWL
_beng
_cDSWL
041 _aeng
_2eng
084 _aYX,Z2
_qDSWL
100 _aLaycock, A.L.
_9833322
245 0 _aAdolescence and Social Work
_cby A.L. Laycock
260 _aLondon
_bRoutledge & Kegan Paul
_c1970
300 _a247p.
365 _aINR
_b13
925 _g13
942 _cTEXL
_hYX,Z2
999 _c1448921
_d1448921